00550nam a2200133Ia 4500008004100000100002500041245007900066245012100145260005300266260001300319300000800332650001500340856006100355170221s9999 xx 000 0 und d aAlexander V. Smirnov aApproaches to Topical Issues in Music and Aesthetic Education of Students  cAlexander V. Smirnov, Elena I. Grigorieva, Nadezhda N. Illarionova, Valentina M. Shcherbinina, Natalia S. Yushchenko bInternational Review of Management and Marketing cMay 2015 a4:2 xMarketing. uhttp://www.econjournals.com/index.php/irmm/issue/view/75